000 00496nam a2200193Ia 4500
003 GCL
008 140319s9999 xx 000 0 eng d
040 _aGCL /
_cGCL
082 0 4 _a005.3
_bF A
100 1 _aFRALA, BERNARD
245 1 0 _aACCESS 2.0 FACILE AOUS WINDOWS /
_cFRALA, BERNARD
260 _a[S.N] :
_bMARABOUT UNIVERSITE ،
_c1994
300 _a431 P
490 _aMARABOUT
_v0
650 0 4 _aCOMPUTER SOFTWARE
650 0 4 _aWINDOWS
650 0 4 _aCOMPUTER PROGRM
942 _2ddc
_cBK
999 _c23155
_d23155